DTM Fahrer 2019 - Statistiken

Allgemein
  • Dieses Quiz wurde 2 mal gespielt
  • Das Durchschnittsergebnis liegt bei 13 aus 25
Antwortstatistiken
Team Nummer Marke Nation Fahrer % Korrekt
R-Motorsport 2 62 Aston Martin Österreich Ferdinand von Habsburg
100%
Audi Sport Team Phoenix 28 Audi Frankreich Loic Duval
100%
BMW Team RMG 11 BMW Deutschland Marco Wittmann
100%
Audi Sport Team Abt Sportsline 51 Audi Schweiz Nico Müller
100%
Audi Sport Team Rosberg 33 Audi Deutschland Rene Rast
100%
BMW Team RMR 16 BMW Deutschland Timo Glock
100%
WRT Team Audi Sport(2) 34 Audi Italien Andrea Dovizioso
50%
BMW Team RMG 7 BMW Kanada Bruno Spengler
50%
R-Motorsport 2 23 Aston Martin Spanien Daniel Juncadella
50%
Audi Sport Team Rosberg(16) 53 Audi Großbritannien Jamie Green
50%
Team Kunimitsu (Gastfahrer)(2) 1 Honda Großbritannien Jenson Button
50%
BMW Team RBM 47 BMW Schweden Joel Eriksson
50%
WRT Team Audi Sport 27 Audi Südafrika Jonathan Aberdein
50%
Audi Sport Team Phoenix 99 Audi Deutschland Mike Rockenfeller
50%
Lexus Team KeePer TOM'S (Gastfahrer)(1) 37 Lexus Neuseeland Nick Cassidy
50%
R-Motorsport 1 3 Aston Martin Großbritannien Paul di Resta
50%
BMW Team RMR 25 BMW Österreich Phillipp Eng
50%
Audi Sport Team Abt Sportsline 4 Audi Niederlande Robin Frijns
50%
Lexus Team KeePer TOM'S (Gastfahrer)(1) 37 Lexus Japan Ryo Hirakawa
50%
BMW Team RBM 31 BMW Südafrika Sheldon van der Linde
50%
R-Motorsport 1 76 Aston Martin Großbritannien Jake Dennis
0%
Audi Sport Team Rosberg(2) 21 Audi Brasilien Pietro Fittipaldi
0%
WRT Team Audi Sport(16) 21 Audi Brasilien Pietro Fittipaldi
0%
Nismo (Gastfahrer)(1) 35 Nissan Italien Ronnie Quintarelli
0%
Nismo (Gastfahrer)(1) 35 Nissan Japan Tsugio Matsuda
0%
Keine übereinstimmenden Quizze gefunden
Verteilung der Resultate
Anzahl Personen mit jedem Resultat
Perzentil nach korrekt beantworteten Fragen
Ihre Resultats-Entwicklung
Sie haben dieses Quiz noch nicht gespielt